Online
Catalog
Normal view MARC view

Entry Nombre de reunión

Number of records used in: 2

001 - NÚMERO DE CONTROL

  • campo de control: 55871

003 - IDENTIFICADOR DEL NÚMERO DE CONTROL

  • campo de control: OSt

005 - FECHA Y HORA DE LA ÚLTIMA TRANSACCIÓN

  • campo de control: 20200615034727.0

008 - DATOS DE LONGITUD FIJA

  • campo de control de longitud fija: 200615|| aca||aabn | a|a d

040 ## - FUENTE DE LA CATALOGACIÓN

  • Centro catalogador/agencia de origen: OSt
  • Centro/agencia transcriptor: OSt

111 ## - ENCABEZAMIENTO--NOMBRE DE CONGRESO/REUNIÓN

  • Nombre de congreso/reunión o jurisdicción como elemento de entrada: Cumbre judicial Iberoamericana
  • Fecha del congreso/reunión: 2008:
  • Número del congreso/reunión o número de parte o sección: 14: 4-8 de marzo
  • Sede del congreso/Lugar de la reunión: Brasilia-Brasil

670 ## - FUENTE DE DATOS ENCONTRADOS

  • Cita de la fuente: Work cat.: (OSt)28404: Cumbre judicial Iberoamericana 2008: 14: 4-8 de marzo Brasilia-Brasil, Reglas de Brasilia sobre acceso a la justicia de las personas en condición de vulnerabilidad., 2008.

Powered by Koha